ბათუმის შოთა რუსთაველის სახელმწიფო უნივერსიტეტის ბიბლიოთეკა

ფეთჰულაჰ გიულენი : (ბიბ.ჩანაწერი № 39983)

000 -ლიდერი
ფიქსირებული სიგრძის საკონტროლო ველი 01077nam a2200229Ia 4500
001 - საკონტროლო ნომერი
საკონტროლო ველი 6589
003 - საკონტროლო ნომრის იდენტიფიკატორი
საკონტროლო ველი GE_BSU
005 - ბოლო ოპერაციის თარიღი და დრო
საკონტროლო ველი 20191203164707.0
008 - ფიქსირებული სიგრძის მონაცემთა ელემენტები - ზოგადი ინფორმაცია
ფიქსირებული სიგრძის საკონტროლო ველი 181216s2008||||ge |||||||||||||| ||geo||
040 ## - კატალოგიზაციის წყარო
Transcribing agency GE_BSU
041 ## - ენის კოდი
Language code of text/sound track or separate title geo
080 ## - უნივერსალური ათობითი კლასიფიკაციის ინდექსი
Universal Decimal Classification number 94(560) მ-19
100 ## - მთავარი ჩანაწერი - პიროვნების სახელი
Personal name მაკარაძე, ემზარ
9 (RLIN) 4143
245 ## - ცნობა სათაურის შესახებ
Title ფეთჰულაჰ გიულენი :
Remainder of title მწერალი-ინტელექტუალი-მოაზროვნე /
Statement of responsibility, etc ემზარ მაკარაძე; რედ. ჰარუნ, ჩიმქე, ნათია ფარტენაძე.
264 ## - წარმოების, გამოცემის, დისტრიბუციის და სხვა ცნობები
გამოცემის, წარმოების, დისტრიბუციის... ადგილი თბილისი :
გამოცემის, წარმოების, დისტრიბუციის... სახელწოდება ჟურნალ ”ახალი ხიდის” გამ-ბა,
გამოცემის, წარმოების, დისტრიბუციის... თარიღი 2008.
300 ## - ფიზიკური აღწერა
Extent 153 გვ. ;
Other physical details 20 სმ.
600 ## - SUBJECT ADDED ENTRY--PERSONAL NAME
Personal name გიულენი ფეთჰულაჰ
9 (RLIN) 5688
653 ## - INDEX TERM--UNCONTROLLED
Uncontrolled term ისტორია
700 ## - ADDED ENTRY--PERSONAL NAME
Personal name ჩიმქე, ჰარუნ
Relator term რედაქტორი
9 (RLIN) 5689
700 ## - ADDED ENTRY--PERSONAL NAME
Personal name ფარტენაძე, ნათია
Relator term რედაქტორი
9 (RLIN) 3258
942 ## - ADDED ENTRY ELEMENTS (KOHA)
Koha item type წიგნი
Source of classification or shelving scheme
ეგზემპლარები
ჩამოწერის სტატუსი დაკარგული ეგზემპლარის სტატუსი კლასიფიკაციის წყარო ან თაროზე გაწყობის სქემა დაზიანების სტატუსი არ გაიცემა მუდმივი მდებარეობა (დაცვის ადგილი) ამჟამინდელი ადგილსამყოფელი თაროზე განთავსების ადგილი შეძენის თარიღი სრული შენახვის შიფრი შტრიხკოდი ბოლო ოპერაციის თარიღი ეგზემპლარის მიმდევრობითი ნომერი (კეტერი?) ფასის ძალაში შესვლის თარიღი ეგზემპლარის სახეობა
          ბათუმის შოთა რუსთაველის სახელმწიფო უნივერსიტეტის მთავარი ბიბლიოთეკა ბათუმის შოთა რუსთაველის სახელმწიფო უნივერსიტეტის მთავარი ბიბლიოთეკა წიგნსაცავი 2018-12-17 94(560) მ-19 6989 2018-12-17 6989 2018-12-17 წიგნი